Air conditioning, heating & refrigeration news
| New Title: | Service & contracting |
|---|---|
| Previous Title: | Air conditioning and refrigeration news Air engineering Air conditioning and refrigeration directory |
| Format: | Electronic Journal |
| Language: | English |
| Published: |
[Troy, Mich. :
Business News Pub. Co.,
1958-
|
| Subjects: | |
| Online Access: | Full text available from Research Library: 11/03/1997 to present |
MARC
| LEADER | 00000nas a2200000 a 4500 | ||
|---|---|---|---|
| 001 | ssj0012225 | ||
| 003 | WaSeSS | ||
| 005 | 20200512172242.0 | ||
| 006 | m d | ||
| 007 | cr n | ||
| 008 | 820402c19589999miumr1p s 0 a0eng d | ||
| 010 | |a 31035153 |z sc 83006070 |z sn 80013005 | ||
| 022 | |y 0002-2276 | ||
| 032 | |a 010200 |b USPS | ||
| 035 | |a (WaSeSS)ssj0012225 | ||
| 040 | |a CoFS |c CoFS |d N |d NSDP |d PPiU |d OCoLC |d DLC |d AIP |d NSDP |d InU |d OCoLC |d NST |d NSDP |d NST |d DLC |d NST |d MH |d N |d NSDP |d WaU |d DLC |d InU |d GU |d OCoLC |d DLC |d WaSeSS | ||
| 042 | |a nsdp |a lc | ||
| 050 | 0 | 0 | |a TP497.A1 |b A5 |
| 082 | 1 | 0 | |a 621 |2 11 |
| 210 | 0 | |a Air cond. heat. refrig. news | |
| 222 | 0 | |a Air conditioning, heating & refrigeration news | |
| 245 | 0 | 0 | |a Air conditioning, heating & refrigeration news |h [electronic resource]. |
| 246 | 1 | 3 | |a News air conditioning, heating, refrigeration |
| 246 | 3 | |a Air conditioning, heating and refrigeration news | |
| 246 | 3 | 0 | |a Directory issue |
| 246 | 3 | 0 | |a Directory section |
| 260 | |a [Troy, Mich. : |b Business News Pub. Co., |c 1958- | ||
| 310 | |a Monthly, |b <1998- > | ||
| 321 | |a Frequency varies, |b 1958- | ||
| 362 | 0 | |a Vol. 85, no. 14 (Dec. 1, 1958)- | |
| 500 | |a Title from caption. | ||
| 506 | |a License restrictions may limit access. | ||
| 525 | |a Each volume has one number called: -1962, Directory issue; 1963-1980, Directory section; 1981-, Directory issue; <1991>-1992, HVAC/R directory issue; 1993, HVAC/R source guide; 1994- HVAC/R directory & source guide issue. | ||
| 580 | |a Absorbed: Air engineering, with Mar. 24, 1969 issue. | ||
| 580 | |a Companion publication: Master catalog of HVAC/R products, 1985- | ||
| 580 | |a Has companion publication: Air conditioning and refrigeration directory, < -1959>, later absorbed as a number of the News. | ||
| 580 | |a Absorbed: Service & contracting with Mar. 2000 issue. | ||
| 650 | 0 | |a Air conditioning |v Periodicals. | |
| 650 | 0 | |a Refrigeration and refrigerating machinery |v Periodicals. | |
| 650 | 0 | |a Heating |v Periodicals. | |
| 655 | 0 | |a Electronic journals. | |
| 770 | 0 | |t Engineered systems |g May 1981- |x 0891-9976 |w (DLC) 91650379 |w (OCoLC)11080933 | |
| 776 | 1 | |t Air conditioning, heating & refrigeration news |x 0002-2276 |w (OCoLC)6524214 | |
| 780 | 0 | 0 | |t Air conditioning and refrigeration news |w (DLC) 98640970 |w (OCoLC)8300073 |
| 780 | 1 | 5 | |t Air engineering |g Mar. 24, 1969 |x 0568-3459 |w (DLC) 61036526 |w (OCoLC)1478622 |
| 780 | 1 | 5 | |t Air conditioning and refrigeration directory |
| 785 | 0 | 5 | |t Service & contracting |g Mar. 2000 |x 1522-4678 |w (DLC) 99100446 |w (OCoLC)40063347 |
| 787 | 1 | |t Master catalog of HVAC/R products |g 1985- |x 1050-3064 |w (DLC)sn 85061589 |w (OCoLC)12156411 | |
| 850 | |a AU |a AzU |a CU |a DLC |a FU |a ICRL |a IaAS |a N |a NcRS |a ViW |a WaU | ||
| 856 | 4 | 0 | |z Full text available from Research Library: 11/03/1997 to present |u https://search.proquest.com/publication/40924 |